00254nam a2200097 a 450000500170000000800410001705000170005810000190007524500260009426000360012020140414132114.0110824s19uu xx 00 eng d aFICbA1 1995 aAndreae, Giles aThe little Love book. aGreat Britain :bPurple,c1995.